000 00569nam a22001697a 4500
005 20231101110150.0
008 231101b |||||||| |||| 00| 0 eng d
020 _a040904086
041 _aEnglish
082 _a346.7 PRO
100 _aMalan, FR et al.
_lEnglish
245 _aProvisional Sentence on Bills of Exchange, Cheques and Promissory Notes /
_cFR Malan et al.
260 _aDurban :
_bButterworth Publishers (Pty) Ltd,
_c1986
300 _bxxxii, 269 pages ;
_c25 cm.
650 _aLegal practice
_bLaw
942 _cBK
_6ALISON_BN_VRIES
999 _c215
_d215